000 00708nam a2200205Ia 4500
008 0000001971 fr a 0000000000fre00
090 _aPSP00 P31p1
100 1 _aPicasso, Pablo
_d1881
245 1 0 _aPicasso
_b: peintures 1901-1971
_c/ photographies Daniel Chenot
300 _a45 p.
_c/ 27 cm.
500 _aCon el patronazgo del maestro venezolano Jesús Rafael Soto (q.e.p.d.)
600 0 0 _aPICASSO, PABLO, 18811973/
_xTRABAJOS PICTORICOS
650 1 4 _aARTE CONTEMPORANEO ESPAÑOL
650 1 4 _xCATALOGOS
650 1 4 _xEXPOSICIONES
650 1 4 _aPINTORES ESPAÑOLES
650 1 4 _aPINTURA ESPAÑOLA
700 1 _aChenot, Daniel
999 _c6326
_d6326
260 _aParís : Galerie Claude Bernard
_c1971